00610nam a22002057a 450000500170000001000150001702000270003203500140005903700090007308200150008224500810009725000060017826000750018427000130025930000200027270000250029270000360031770000290035370000220038220260511111559.0 aENG-148408 a9798306547237c1800.00 aEN-131940 bDBAD a338.95421 aViksit Bharat@2047:bGovernance Transformed/cEdited By C.K Mathew...[et.al] a1 aBrusselsbThe International Institute of Administrative Sciencesc2025 bBrussels a709p.c23cm(pb) aMathew, C K eEditor aTripathi, Surendra NatheEditor aReddy, C. SheelaeEditor aA.P SingheEditor